Hidráulica

Sparad:
Bibliografiska uppgifter
Huvudupphovsman: Trueba Coronel, Samuel (Författare, medförfattare)
Materialtyp: Bok
Språk:spanska
Publicerad: Ciudad de México Continental 1954
Ämnen:
Taggar: Lägg till en tagg
Inga taggar, Lägg till första taggen!

MARC

LEADER 00000nam a2200000 a 4500
001 UCU3858
003 CL-VaPUC
008 960510e19540000MX |||||||||||||||||spa|d
082 0 4 |a 532  |b TRU  |2 21 
100 0 |a Trueba Coronel, Samuel  |e author  |9 361054 
245 1 0 |a Hidráulica 
300 |a 454 p 
942 |c BK 
945 |d 19960510 00:00:00  |a lriquelm 
260 |a Ciudad de México  |b Continental  |c 1954 
650 0 |a Hidráulica   |9 260193 
650 0 |a Hidrostática  |9 260944 
650 0 |a Hidrodinámica   |9 261326 
650 7 |a PRESION  |2 CL-VaPUC  |9 342426 
650 0 |a Agua  |9 257149 
650 7 |a CORRIENTE DE FLUIDOS  |2 CL-VaPUC  |9 360034 
650 7 |a CANALES DE RIEGO  |2 CL-VaPUC  |9 264568 
650 7 |a CORRIENTES DE AGUA  |2 CL-VaPUC  |9 350181 
583 |a last modification  |c 19960510 00:00:00  |k Rodrigo Vera 
999 |c 247728  |d 247726 
952 |0 0  |1 0  |4 0  |6 532_000000000000000_TRU_1954  |7 0  |8 A  |9 263848  |a BIBING  |b BIBING  |d 2019-11-19  |i 1657135  |o 532 TRU 1954  |p 1657135  |r 2025-01-20  |w 2019-11-19  |y BK  |k CCL